000 00596nam a2200277Ia 4500
005 20260401122211.0
008 008 250103s9999 xx 000 0 eng d
020 _a195667670
037 _aTB
040 _aEDL
040 _beng
040 _cEDL
041 _2eng
041 _aeng
084 _a323.340954 AGN
084 _qEDL
245 0 _aWomen and Law in India
260 _aOxford
260 _bOxford University Press
260 _c2004
300 _a177p
942 _cTB
942 _h323.340954 AGN
999 _c1845597
_d1845597